| 000 | 00495cam a2200157 4500 | ||
|---|---|---|---|
| 082 | 0 | 0 |
_a621.381 _bSHO _cL-11, P-101 |
| 100 | 1 |
_aShore, Bruce H. _941596 |
|
| 245 | 1 | 4 |
_aThe new electronics _c[by] Bruce H. Shore. |
| 260 |
_aNew York, _bMcGraw-Hill _c[1970] |
||
| 300 |
_axii, 253 p. _billus., ports. _c23 cm. |
||
| 490 | 1 | _aMcGraw-Hill series in continuing education for engineers | |
| 526 |
_a0 _b0 _c0 _d621_381000000000000_SHO |
||
| 650 | 0 | _aElectronics. | |
| 650 | 0 |
_aMCE _9379 |
|
| 942 |
_2ddc _cBK |
||
| 999 |
_c545662 _d545662 |
||